| 000 | 00940cam a2200241 i 4500 | ||
|---|---|---|---|
| 003 | SA-RiAUC | ||
| 005 | 20250506051714.0 | ||
| 008 | 250430s2005 su g 00000 ara c | ||
| 040 |
_aKAPL _bara _cSA-RiAUC _erda |
||
| 072 | 7 | _a021 | |
| 082 | 0 | 4 | _a215.1 |
| 090 |
_a215.1 _bع ب ي |
||
| 100 | 1 |
_aالعبيد، خالد بن سليمان _eمؤلف. |
|
| 245 | 1 | 2 |
_aالحرم المكي الشريف : _bالتوسعات العمرانية وتطور الخدمات : دراسة تحليلية / _cتأليف خالد بن سليمان العبيد. |
| 264 | 1 |
_aالرياض : _bخالد بن سليمان العبيد، _c2005 |
|
| 300 |
_a197 صفحة ؛ _c24 سم |
||
| 336 |
_aنص _btxt _2rdacontent _3كتاب |
||
| 337 |
_aبدون وسيط _bn _2rdamedia |
||
| 338 |
_aمجلد _bnc _2rdacarrier |
||
| 610 | 2 | 7 |
_aالمسجد الحرام _xتاريخ _2aucnm |
| 942 |
_2ddc _cBOOK _n0 |
||
| 949 |
_aSA-JeALM _d250430 _umohamedma123 _n1 |
||
| 999 |
_c7626 _d7626 |
||